000 00425nam a22001697a 4500
005 20230118123208.0
008 200225b xxu||||| |||| 0
020 _a81-239-0904-7
041 _aeng
082 _a615.19 CAR-C
100 _aCARTER, S.J.
_95118
245 _aCOOPER AND GUNN'S TUTORIAL PHARMACY
260 _aNEW DELHI
_bCBS
_c2005
300 _a469 p,
650 _aPHARMACY
_xB.PHARMA AND D.PHARMA
_97476
942 _cBK
999 _c6050
_d6048